000 00654nab a2200169 4500
003 ES-SlBCS
005 20230517074852.0
008 150730s2015 sp ||||| |||| 00| 0 spa d
040 _aES-SlBCS
_bspa
100 1 _aMollo, María Lida
_9408855
245 1 0 _aAnimal de realidades y animal lógico
_b: Notas sobre Zubiri y Peirce
_cMaría Lida Mollo
246 1 1 _aAnimal of realities and logical animal
_b: Annotations on Zubiri and Peirce
650 0 4 _aPragmatismo
_992328
600 1 0 _aZubiri, Xavier
_d(1898-1983)
_xCrítica e interpretación
_9120105
773 0 _gVol. 71, Nº 266, 2015, págs. 389-412
_tPensamiento
_wRev321
_x0031-4749
942 _2lcc
_cAR
999 _c853333
_d853333